Oh! Pascal!

সংরক্ষণ করুন:
গ্রন্থ-পঞ্জীর বিবরন
প্রধান লেখক: Doug Cooper
বিন্যাস: গ্রন্থ
ভাষা:Undetermined
প্রকাশিত: New York W.W. Norton and Comp 1982
বিষয়গুলি:
ট্যাগগুলো: ট্যাগ যুক্ত করুন
কোনো ট্যাগ নেই, প্রথমজন হিসাবে ট্যাগ করুন!
Thư viện lưu trữ: Trung tâm Học liệu Trường Đại học Cần Thơ
LEADER 00553nam a2200181Ia 4500
001 CTU_5137
008 210402s9999 xx 000 0 und d
082 |a 005.133 
082 |b C777 
100 |a Doug Cooper 
245 0 |a Oh! Pascal! 
245 0 |c Doug Cooper, Michael Claney 
260 |a New York 
260 |b W.W. Norton and Comp 
260 |c 1982 
650 |a pascal (computer programs ),programming languages ( electronic computers ) 
904 |i Nguyễn Quang Điền, 960709 
980 |a Trung tâm Học liệu Trường Đại học Cần Thơ